000 01523nam a22003737a 4500
003 OSt
005 20230628091712.0
008 221006b |||||||| |||| 00| 0 eng d
020 _a978 612 47155 0 1
040 _cBiblioteca Lado V
082 _a701.18
_bB621b
130 _aBISAGRA
_lspa
245 _aBisagra/
260 _aPeru
_c2017
_bAsociación Cultural Bisagra
300 _c19.5x27cm
_a117p.
366 _espa
490 _a002
_v2017
505 _tContando tu propia historia, creando deseos ajenos (el arte hoy según Boris Groys)
505 _tSobre las Esculturas subterráneas de Jorge Eduardo Eielson
505 _tPapel y subsuelo. Descensos críticos en torno a las Esculturas subterráneas de Jorge Eduardo Eleison
505 _tDe materia sonoris. Sonidos, estructuras, espacios, descubriendo al Jorge Eduardo Eielson compositor
505 _tAló Teresa
505 _tCurar desde la precariedad
505 _tUn taller como termómetro político - a vueltas con la pedagogía del arte en Lima -
505 _tImagenes
505 _tBiografias de los Autores
650 _2Tesauro de Arte & Arquitectura
_aARTE VISUAL
_9703
650 _2Tesauro de Arte & Arquitectura
_aARTE CONTEMPORANEO
_9702
650 _2Tesauro de Arte & Arquitectura
_aCRITICA
_9702
650 _2Tesauro de Arte & Arquitectura
_aANALISIS
651 _2 Tesauro de Arte & Arquitectura
_aPERÚ
700 _aNavarreta, Jose Antonio
_eeditor
942 _2ddc
_c1
_h701.18
_iB621b
_n0
999 _c3943
_d3943